Cartografia antiga de Catalunya / Mn. Colomer
Publicado:
San Jorge, núm. 95 ( juny 1975), pàg 84 - 89 :
Materias:
Cartografia -- Catalunya -- Història
MARC
| LEADER | 00000nam a2200000Ia 4500 | ||
|---|---|---|---|
| 001 | |||
| 008 | 160829s9999 xx 000 0 cat d | ||
| 100 | |a Colomer, Mn. |9 41626 | ||
| 245 | |a Cartografia antiga de Catalunya / Mn. Colomer | ||
| 260 | |a San Jorge, núm. 95 ( juny 1975), pàg 84 - 89 | ||
| 650 | |a Cartografia |x Catalunya |x Història |9 41627 | ||
| 901 | |a Arxiu | ||
| 942 | |n 1 | ||
| 952 | |0 0 |1 0 |4 0 |7 1 |9 50339 |a Arxiu |b Arxiu |d 2016-12-01 |l 0 |r 2016-12-01 00:00:00 |w 2016-12-01 |y ARXIU | ||
| 999 | |c 54181 |d 54181 | ||